Music Quiz

Random Music or Album Quiz

Mercury Prize Nominees (2010) Quiz Stats

 Plays Quiz not verified by Sporcle

Score 0/12 Timer 03:00
0 Plays Today
% Correct
xx
100%
Sigh No More
84.6%
Total Life Forever
69.2%
I Speak Because I Can
53.8%
Only Revolutions
46.2%
The Sea
38.5%
Tongue n' Cheek
38.5%
Becoming A Jackal
38.5%
Two Dancers
38.5%
Wake Up The Nation
30.8%
Sky At Night
15.4%
Golden
7.7%

You're not logged in!

Compare scores with friends on all Sporcle quizzes.
OR
Log In

Show Comments

Extras

Top Quizzes Today


Score Distribution

Your Account Isn't Verified!

In order to create a playlist on Sporcle, you need to verify the email address you used during registration. Go to your Sporcle Settings to finish the process.

Report this User

Report this user for behavior that violates our Community Guidelines.

Details: